Statistics for Countries, US States and Capitals on the World Map, starting with A

Click here to take the quiz!

General Stats

  • This quiz has been taken 613 times
  • The average score is 488 of 495

Answer Stats

Answer % Correct
Ouagadougou
100%
Pakistan
100%
Ottawa
100%
Oslo
100%
Oman
100%
Oregon
100%
Palau
100%
Palikir
100%
Paramaribo
100%
Paris
100%
Paraguay
100%
Papua New Guinea
100%
Panama
100%
Panama City
100%
Olympia
100%
Oklahoma City
100%
Nigeria
100%
North Carolina
100%
Niger
100%
Nicosia
100%
Niamey
100%
Nicaragua
100%
North Dakota
100%
North Korea
100%
Ohio
100%
Oklahoma
100%
Nuku'alofa
100%
Nouakchott
100%
Norway
100%
Pennsylvania
100%
Peru
100%
Qatar
100%
Quito
100%
Pyongyang
100%
Providence
100%
Pretoria
100%
Pristina
100%
Rabat
100%
Raleigh
100%
Riga
100%
Riyadh
100%
Richmond
100%
Rhode Island
100%
Rep. of the Congo
100%
Reykjavik
100%
Praia
100%
Prague
100%
Podgorica
100%
Poland
100%
Pierre
100%
Phoenix
100%
Philippines
100%
Phnom Penh
100%
Port Louis
100%
Port Moresby
100%
Portugal
100%
Port-Vila
100%
Porto-Novo
100%
Port-of-Spain
100%
Port-au-Prince
100%
New Zealand
100%
New York
100%
Mbabane
100%
Melekeok
100%
Mauritius
100%
Mauritania
100%
Maseru
100%
Massachusetts
100%
Mexico
100%
Mexico City
100%
Missouri
100%
Mogadishu
100%
Mississippi
100%
Minsk
100%
Michigan
100%
Minnesota
100%
Maryland
100%
Marshall Islands
100%
Malaysia
100%
Maldives
100%
Malawi
100%
Malabo
100%
Maine
100%
Majuro
100%
Male
100%
Mali
100%
Manila
100%
Maputo
100%
Manama
100%
Managua
100%
Malta
100%
Moldova
100%
Monaco
100%
Naypyidaw
100%
N'Djamena
100%
Nauru
100%
Nassau
100%
Namibia
100%
Nashville
100%
Nebraska
100%
Nepal
100%
New Jersey
100%
New Mexico
100%
New Hampshire
100%
New Delhi
100%
Netherlands
100%
Nevada
100%
Nairobi
100%
Myanmar
100%
Montenegro
100%
Montevideo
100%
Montana
100%
Monrovia
100%
Monaco
100%
Mongolia
100%
Montgomery
100%
Montpelier
100%
Mozambique
100%
Muscat
100%
Moscow
100%
Moroni
100%
Morocco
100%
Romania
100%
Rome
100%
Turkey
100%
Turkmenistan
100%
Tunisia
100%
Tunis
100%
Trinidad and Tobago
100%
Tripoli
100%
Tuvalu
100%
Uganda
100%
United States
100%
Uruguay
100%
United Kingdom
100%
United Arab Emirates
100%
Ukraine
100%
Ulaanbaatar
100%
Trenton
100%
Topeka
100%
Tehran
100%
Tennessee
100%
Tegucigalpa
100%
Tbilisi
100%
Tarawa
100%
Tashkent
100%
Texas
100%
Thailand
100%
Tokyo
100%
Tonga
100%
Togo
100%
Tirana
100%
Thimphu
100%
Utah
100%
Uzbekistan
100%
Wisconsin
100%
Wyoming
100%
Windhoek
100%
West Virginia
100%
Washington
100%
Wellington
100%
Yamoussoukro
100%
Yaounde
100%
Zambia
100%
Zimbabwe
100%
Zagreb
100%
Yerevan
100%
Yaren
100%
Yemen
100%
Washington
100%
Warsaw
100%
Vatican City
100%
Venezuela
100%
Vatican City
100%
Vanuatu
100%
Vaduz
100%
Valletta
100%
Vermont
100%
Victoria
100%
Vilnius
100%
Virginia
100%
Vietnam
100%
Vientiane
100%
Vienna
100%
Tanzania
100%
Tallinn
100%
Santiago
100%
Santo Domingo
100%
Santa Fe
100%
Sana'a
100%
San Marino
100%
San Salvador
100%
Sao Tome
100%
São Tomé and Príncipe
100%
Serbia
100%
Seychelles
100%
Seoul
100%
Senegal
100%
Sarajevo
100%
Saudi Arabia
100%
San Marino
100%
San Jose
100%
Saint George's
100%
Saint John's
100%
Sacramento
100%
Rwanda
100%
Roseau
100%
Russia
100%
Saint Kitts and Nevis
100%
Saint Lucia
100%
Salt Lake City
100%
Samoa
100%
Salem
100%
Saint Vincent and the
Grenadines
100%
Saint Paul
100%
Sierra Leone
100%
Singapore
100%
Suriname
100%
Suva
100%
Sudan
100%
Sucre
100%
Sri Lanka
100%
Stockholm
100%
Swaziland
100%
Sweden
100%
Tajikistan
100%
Tallahassee
100%
Taiwan
100%
Taipei
100%
Switzerland
100%
Syria
100%
Sri J. Kotte
100%
Springfield
100%
Sofia
100%
Solomon Islands
100%
Slovenia
100%
Slovakia
100%
Singapore
100%
Skopje
100%
Somalia
100%
South Africa
100%
South Sudan
100%
Spain
100%
South Korea
100%
South Dakota
100%
South Carolina
100%
Madrid
100%
Madison
100%
Columbus
100%
Comoros
100%
Columbia
100%
Colorado
100%
Colombia
100%
Conakry
100%
Concord
100%
Côte d'Ivoire
100%
Croatia
100%
Costa Rica
100%
Copenhagen
100%
Connecticut
100%
Chisinau
100%
China
100%
Caracas
100%
Carson City
100%
Cape Verde
100%
Cape Town
100%
Canberra
100%
Castries
100%
Central African
Republic
100%
Chile
100%
Cheyenne
100%
Charleston
100%
Chad
100%
Cuba
100%
Cyprus
100%
Dublin
100%
Dushanbe
100%
Dover
100%
Dominican Republic
100%
Dominica
100%
East Timor
100%
Ecuador
100%
Eritrea
100%
Equatorial Guinea
100%
El Salvador
100%
Egypt
100%
Doha
100%
Dodoma
100%
Damascus
100%
Delaware
100%
Dakar
100%
D. R. Congo
100%
Czech Republic
100%
Denmark
100%
Denver
100%
Djibouti
100%
Djibouti
100%
Dili
100%
Des Moines
100%
Canada
100%
Cameroon
100%
Belgium
100%
Belgrade
100%
Belarus
100%
Beirut
100%
Beijing
100%
Belize
100%
Belmopan
100%
Bhutan
100%
Bishkek
100%
Bern
100%
Berlin
100%
Benin
100%
Baton Rouge
100%
Basseterre
100%
Baku
100%
Bamako
100%
Bahrain
100%
Bahamas
100%
Baghdad
100%
Bandar Seri Begawan
100%
Bangkok
100%
Barbados
100%
Banjul
100%
Bangui
100%
Bangladesh
100%
Bismarck
100%
Bissau
100%
Buenos Aires
100%
Bujumbura
100%
Budapest
100%
Bucharest
100%
Brussels
100%
Bulgaria
100%
Burkina Faso
100%
Cambodia
100%
California
100%
Cairo
100%
Burundi
100%
Brunei
100%
Bridgetown
100%
Bolivia
100%
Bosnia and
Herzegovina
100%
Boise
100%
Bogota
100%
Bloemfontein
100%
Boston
100%
Botswana
100%
Brazzaville
100%
Brazil
100%
Bratislava
100%
Brasilia
100%
Estonia
100%
Dhaka
100%
Ethiopia
100%
Kingston
100%
Kiev
100%
Khartoum
100%
Kenya
100%
Kingstown
100%
Kinshasa
100%
Kuwait
100%
Kuwait City
100%
Kuala Lumpur
100%
Kosovo
100%
Kiribati
100%
Kentucky
100%
Kazakhstan
100%
Jerusalem
100%
Jordan
100%
Jefferson City
100%
Japan
100%
Jamaica
100%
Juba
100%
Juneau
100%
Kathmandu
100%
Kansas
100%
Kampala
100%
Kabul
100%
Kyrgyzstan
100%
La Paz
100%
Lome
100%
London
100%
Ljubljana
100%
Little Rock
100%
Lithuania
100%
Louisiana
100%
Luanda
100%
Macedonia
100%
Madagascar
100%
Luxembourg
100%
Luxembourg
100%
Lusaka
100%
Lisbon
100%
Lincoln
100%
Lebanon
100%
Lesotho
100%
Latvia
100%
Laos
100%
Lansing
100%
Liberia
100%
Libreville
100%
Lima
100%
Lilongwe
100%
Liechtenstein
100%
Libya
100%
Jakarta
100%
Kigali
100%
Greece
100%
Grenada
100%
Ghana
100%
Germany
100%
Georgia
100%
Guatemala
100%
Guatemala City
100%
Haiti
100%
Guyana
100%
Guinea-Bissau
100%
Guinea
100%
Georgia
100%
Georgetown
100%
Florida
100%
France
100%
Finland
100%
Fiji
100%
Federated States of
Micronesia
100%
Frankfort
100%
Freetown
100%
Gambia
100%
Gaborone
100%
Jackson
100%
Funafuti
100%
Hanoi
100%
Gabon
100%
Indianapolis
100%
Indonesia
100%
Indiana
100%
India
100%
Illinois
100%
Iowa
100%
Iran
100%
Israel
100%
Italy
100%
Islamabad
100%
Ireland
100%
Iraq
100%
Idaho
100%
Iceland
100%
Hawaii
100%
Helena
100%
Havana
100%
Hartford
100%
Harrisburg
100%
Helsinki
100%
Honduras
100%
Honolulu
100%
Harare
100%
Honiara
100%
Hungary
100%
Argentina
95%
Australia
95%
Alabama
94%
Algeria
94%
Austria
94%
Angola
94%
Afghanistan
94%
Arizona
94%
Alaska
93%
Andorra
92%
Azerbaijan
92%
Arkansas
92%
Amsterdam
90%
Athens
89%
Ankara
88%
Algiers
86%
Abu Dhabi
83%
Armenia
83%
Andorra la Vella
82%
Addis Ababa
81%
Austin
81%
Asuncion
81%
Albania
80%
Amman
79%
Astana
78%
Atlanta
78%
Antananarivo
77%
Abuja
76%
Accra
76%
Ashgabat
71%
Albany
69%
Asmara
68%
Apia
66%
Augusta
55%
Antigua and Barbuda
54%
Annapolis
39%

Score Distribution

Percentile by Number Answered

Percent of People with Each Score

Your Score History

You have not taken this quiz